000 004200000a22001570004500
001 003535
003 MACL
040 _aMACL
090 _c15528
_d15527
100 _aKrishna, Daya
245 _aDiscussion And Debate In Indian Philosophy
_bissues in Vedanta, Mimamsa and Nyaya
_cDaya Krishna
260 _aIndian Council of Social Science Research,
_c2004
350 _a450
650 _aPhilosophy
942 _k100
_cBook
999 _c15435
_d15435